000
00204 a2200097 4500
245
_a
BRIGHT DAY
_h
Text
020
_a
0749319038
100
_a
J.B Priestley
005
20191017173358.0
260
_b
Mandarin
_c
1946
084
_a
P23P934BR
999
_c
10178
_d
10178